Some Women of the Bible. (Record no. 6705)

MARC details
000 -LEADER
fixed length control field 00590nam a2200241 a 4500
020 ## - INTERNATIONAL STANDARD BOOK NUMBER
ISBN
082 00 - DEWEY DECIMAL CLASSIFICATION NUMBER
Classification number 305.402208
Author Cutter GUT
100 ## - MAIN ENTRY--AUTHOR NAME
Author name Gutzke, M George
245 ## - TITLE STATEMENT
Title Some Women of the Bible.
260 ## - PUBLICATION, DISTRIBUTION, ETC. (IMPRINT)
Place of publication Georgia
Name of publisher Bible Truth for Everyday
Year of publication 0000
300 ## - PHYSICAL DESCRIPTION
Number of Pages 1 &2
500 ## - GENERAL NOTE
General note includes index and biblioraphy
505 2# - FORMATTED CONTENTS NOTE
Formatted contents note Part 1 and 2
650 ## - SUBJECT ADDED ENTRY--TOPICAL TERM
Topical Term Women in Bible
942 ## - ADDED ENTRY ELEMENTS (KOHA)
Koha item type Books
700 1# -
-- Gutzke, M George
Holdings
Collection code Home library Current library Date acquired Cost, normal purchase price Full call number Accession Number Koha item type
  Henry Martyn Institute Library Henry Martyn Institute Library 03/21/2007 100.00 305.402208 GUT 011860 Books
                   Copyright © 2026 | Henry Martyn Institute | Hyderabad | TS-500052 | INDIA | Implemented by hmi.edu.in
Hit-Count:

Powered by Koha